000 00427nam a22001817a 4500
001 MACL
003 MACL
005 20150707142041.0
008 MACL
040 _cMACL
041 _aEnglish
082 _a307
100 _aPhadke, Sindhu
_9121
245 _aWomen's Stastus In North-Easternl India
260 _aNew Delhi
_bDecent Books
_c1100
650 _aSociology
_919
942 _2ddc
_cBK
_h307
_k307/PHA
999 _c49780
_d49780